000 00264nam a22001097a 4500
082 _a080/PEA
100 _aPeale,Norman Vincent
_982311
245 _aTHE ART OF LIVING
260 _aMumbai
_bJaicoPublishing House
_c2018
650 _aGeneral Collection
942 _cBK
999 _c67689
_d67689